Návrh opatrení na stabilizáciu zamestnancov v podniku SE-EBO, a.s. Jaslovské Bohunice = The Proposal of Remedies of the Stability of Employees in the Company SE-EBO, a.s. Jaslovské Bohunice : Bakalárska práca
Guardado en:
| Autor principal: | |
|---|---|
| Otros Autores: | |
| Formato: | Manuscrito Libro |
| Lenguaje: | eslovaco |
| Publicado: |
Trnava :
STU v Bratislave MTF UPMK,
2009
|
| Materias: | |
| Etiquetas: |
Sin Etiquetas, Sea el primero en etiquetar este registro!
|
MARC
| LEADER | 00000ntm a22000003a 4500 | ||
|---|---|---|---|
| 001 | stu198314 | ||
| 005 | 20160719160103.5 | ||
| 008 | 100115s2009----xo------------------slo-d | ||
| 040 | |a STU |b slo | ||
| 041 | 0 | |a slo | |
| 044 | |a xo | ||
| 100 | 1 | |a Šalátová, Katarína |4 aut | |
| 245 | 1 | |a Návrh opatrení na stabilizáciu zamestnancov v podniku SE-EBO, a.s. Jaslovské Bohunice = The Proposal of Remedies of the Stability of Employees in the Company SE-EBO, a.s. Jaslovské Bohunice : |b Bakalárska práca | |
| 260 | |a Trnava : |b STU v Bratislave MTF UPMK, |c 2009 | ||
| 300 | |a 71 s |c prílohy (1 CD-ROM) | ||
| 500 | |a Študijný program: priemyselné manažérstvo | ||
| 500 | |a Študijný odbor: 5.2.52 priemyselné inžinierstvo | ||
| 650 | 7 | |a stabilizácia zamestnancov |2 stusub | |
| 650 | 7 | |a spokojnosť zamestnancov |2 stusub | |
| 650 | 7 | |a motivácia |2 stusub | |
| 700 | 1 | |a Szabó, Peter, |d 1983- |4 xxx |u M8700 |U MTF Materiálovotechnologická fakulta |T MTF Výučbové stredisko Komárno |X 19244 |U M8700 |Y 254 |7 A000019244 | |
| 996 | |b 284M077690 |c M*BP-4305 |l MMSKP |s P |a 0 |w stu198314_0001 | ||